Between the Lines
Αποθηκεύτηκε σε:
| Κύριος συγγραφέας: | |
|---|---|
| Άλλοι συγγραφείς: | |
| Μορφή: | Βιβλίο |
| Γλώσσα: | English |
| Δημοσίευση: |
Edinburgh :
Nelson,
1982
|
| Θέματα: | |
| Ετικέτες: |
Προσθήκη ετικέτας
Δεν υπάρχουν, Καταχωρήστε ετικέτα πρώτοι!
|
MARC
| LEADER | 00000nam a2200000 i 4500 | ||
|---|---|---|---|
| 001 | 1/20943 | ||
| 008 | 930901s1982 eng d | ||
| 020 | |a 0-17-555399-8 | ||
| 035 | |l 10021635 | ||
| 040 | |a GR-MY-UA |b gre |e aacr | ||
| 041 | 0 | |a eng | |
| 082 | 0 | |a 428.24 | |
| 100 | 1 | |a Ellis, Mark. | |
| 245 | 1 | 0 | |a Between the Lines / |c Mark Ellis, Printha Ellis |
| 260 | |a Edinburgh : |b Nelson, |c 1982 | ||
| 300 | |c 24cm | ||
| 650 | 0 | 0 | |a English language |v Textbooks for foreign speakers. |
| 700 | 1 | |a Ellis, Printha. | |
| 852 | |a INST |b CHIOS |e 19930901 |h 428.24 ELL |p 005200002112 |q 005200002112 |t BK |y 0 | ||
| 909 | |a Χ |b 024892 | ||